000 05935namaa22004211i 4500
003 OSt
005 20260401124236.0
008 250827s2025 ua a|||frm||| 000 0 eng d
040 _aEG-GICUC
_bara
_cEG-GICUC
_dEG-GICUC
_erda
041 0 _aara
_bara
_beng
049 _aإيداع
082 0 4 _a937.02
092 _a937.02
_221
097 _aمــــاجستير
099 _aCai01.02.03.M.A.2025.سم.ل
100 0 _a،سماح ربيع خلف أحمد
_eإعداد.
245 1 0 _aاللجان الخاصة و دورها في المجتمع الروماني خلال العصر الجمهوري 509ق.م:27ق.م /
_cإعداد سماح ربيع خلف أحمد؛ إشراف أ.د/ آمال حامد زيان، أ.د/ محمود أبو الحسن أحمد.
246 1 5 _aSpecial committees and their role in roman society during the republican age 509 bc: 27 bc /
264 0 _c2025.
300 _a183 صفحة :
_bإيضاحيات ؛
_c25 سم. +
_eCD.
336 _atext
_2rda content
337 _aUnmediated
_2rdamedia
338 _avolume
_2rdacarrier
502 _aأطروحة (ماجستير)-جامعة القاهرة، 2025.
504 _aببليوجرافيا: صفحات 151-175.
520 _aكانت اللجان الخاصة هي احدي أهم أدوات نظام الحكم الروماني خلال العصر الجمهوري، والتي ساهمت بشكل كبير في تخطيط نمط الحياة السياسية والاقتصادية والاجتماعية للرومان بشكلاً عام، وأحدثت أثراً كبيراً على المجتمع الروماني بكافة طبقاته، فقد كانت اللجنة عبارة عن هيئة مكونة من عدد غير محدد من الأعضاء يتم تحديدهم حسب الحاجة أو المهمة المكلفة بها تلك اللجان، وعلى الرغم من أن اللجان الخاصة لم تكن هيئة دائمة أو منصباً ثابتاً في الدولة الرومانية.اللجان كانت بالأهمية بمكان جعلت الرومان يلجأون للاستعانة بها كثيراً في كل جوانب حياتهم السياسية والاقتصادية والاجتماعية لتساعدهم على الخروج من الأزمات وإيجاد حلول واقعية لها، فمثلاً نجد أنهم كانوا يلجؤون لتلك اللجان لحل أزمة سياسية مع قوى كبيرة أخرى معاصرة لهم، أو لفرض وجودهم السياسي والعسكري على المسرح السياسي للعالم القديم آنذاك. نجد أنه كان يتم الاستعانة بتلك اللجان لحل مشكلات اقتصادية كبيرة كان من شأنها أن تؤدي بالاقتصاد والمجتمع الروماني، أيضاً كان للمشاريع التي أشرفت عليها تلك اللجان أثر كبير على حياة المواطن الروماني العادي الذي استفاد منها كثيراً في حياته اليومية، لذلك كان لابد من دراسة هذه اللجان الخاصة لكي يتسني لنا معرفة أثرها على المجتمع الروماني ودورها في النمو بنظام الحكم الروماني في العصر الجمهوري ووصولاً إلى ما أحدثته من تأثير كبير في طريق بناء الإمبراطورية الرومانية العظمى بعد ذلك
520 _aSpecial committees were among the most important instruments of the Roman system of governance during the Republican era. They played a significant role in shaping the political, economic, and social structure of Roman life in general and had a considerable impact on Roman society across all classes. A committee was a body composed of an undefined number of members, selected according to the needs of the task it was assigned. Although these committees were not permanent institutions or official positions within the Roman state, their significance was such that the Romans frequently resorted to them in various aspects of political, economic, and social life.The Romans relied on these committees to help them navigate crises and find practical solutions. For instance, committees were often formed to resolve political tensions with major contemporary powers or to assert Roman political and military presence on the international stage of the ancient world. Similarly, they were used to address serious economic issues that threatened the stability of Roman society and its economy. The projects overseen by these committees greatly affected the daily lives of ordinary Roman citizens, offering tangible benefits that improved their quality of life.Therefore, studying these special committees is essential to understanding their impact on Roman society and their role in the evolution of the Roman system of governance during the Republican era, ultimately contributing to the foundation and rise of the great Roman Empire.
530 _aصدر أيضًا كقرص مدمج.
546 _aالنص بالعربية والملخص باللغة الإنجليزية والعربية.
650 7 _aعصر الجمهورية الرومانية
_2qrmak
653 0 _aلجنة
_aالجمهوري
_aروما
_aقانون
700 0 _aآمال حامد زيان
_eمشرف أطروحة.
700 0 _aمحمود أبو الحسن أحمد
_eمشرف أطروحة.
900 _b15-01-2025
_cآمال حامد زيان
_cمحمود أبو الحسن أحمد
_dالسيد محمد جاد السيد
_dرضا عبد الجواد كمال رسلان
_Uجامعة القاهرة
_Fكلية الآداب
_Dقسم يوناني وروماني
905 _aSara
942 _2ddc
_cTH
_e21
_n0
999 _c179123